00478 2200181 4500001002100000008004100021035002000062245005500082100001600137260002800153300002600181020002200207084001400229082000800243650001500251990001500266990001500281INLIS000000000003306 ind  a0010-1225000127 aX-Press TKA Matematika Tingkat LanjutcMuh. Ikhwan aIkhwan, Muh aJakartabErlanggac2025 a105 hlmc21 x 25,5 cm a978-623-522-776-4 a510 MUH x a510 aMatematika a19784/B/26 a19785/B/26